Zemní plyn jako nechtěné dítě Státní energetické koncepce?

Niekoľko úvah o možnej úlohe plynu medzi primárnými zdrojmi energie so zreteľom na udržateľnosť ekonomiky.

Saved in:
Bibliographic Details
Main Author: Petržilka, Oldřich
Format: Book Chapter
Language:Czech
Subjects:
Tags: Add Tag
No Tags, Be the first to tag this record!

MARC

LEADER 00000naa a2200000 4500
001 0128340
005 20221107085256.9
041 0 |a cze 
044 |a CZ 
245 1 0 |a Zemní plyn jako nechtěné dítě Státní energetické koncepce?  |c Oldřich Petržilka 
520 |a Niekoľko úvah o možnej úlohe plynu medzi primárnými zdrojmi energie so zreteľom na udržateľnosť ekonomiky. 
610 2 0 |a politika energetická 
610 2 0 |a plyn zemný 
610 2 0 |a rozvoj trvalo udržateľný 
610 2 0 |a Česko 
610 2 0 |a energia 
610 2 0 |a spotreba energie 
100 1 |a Petržilka, Oldřich